000 00575cam a22002291 4500
001 sa 66003693
003 DLC
005 20260227112238.0
008 940604s1964 ii 000 1 malo
010 _asa 66003693
025 _aPL480:I-Mal-759
035 _a(OCoLC)30549028
040 _aDLC
_cCU
_dCU
_dDLC
042 _apremarc
050 0 0 _aPL4718.9.V28
_bP3
100 1 _aVarkki, Muṭṭattu,
_d1918-
245 1 0 _aPāṭātta painkiḷi.
260 _a[n.p.,
_bJ. Johnson,
_c1964]
300 _a374 p.
_c19 cm.
500 _aIn Malayalam.
500 _aA novel.
999 _c69068
_d69068